00260nam a22000977a 4500082001300000245004100013260003100054300002800085650001600113700003300129 a891.4391 aJughrafey Key Ma'toobcAnwer Sen Roy aKarachibScheherzadec2016 a421 Pagesb22x14 cmbHB aUrdu Poetry aAdaptations By Anwer Sen Roy